00492nam a2200193 a 4500001001300000003000900013005001700022008004100039020001000080082001600090100002500106245002200131260003700153300000800190500003500198505002200233650001800255700002500273nice12345678IN_TiNIC20260116012822.0050524s0000 rama grp 000 0 urd  ac10000a297.52bMAK aMaktab Ainul Qazat,  aHamare Shab-O-Roz aRampurbMaktaba Al-Hasnaatc0000 a32p aincludes index and biblioraphy2 apope john paul II aIslam-Prayers1 aMaktab Ainul Qazat,